| 000 | 00658nam a22002297a 4500 | ||
|---|---|---|---|
| 999 |
_c11920 _d11920 |
||
| 001 | 11920 | ||
| 003 | BD-JhCC | ||
| 005 | 20210929134020.0 | ||
| 008 | 201129b19982015bg |||| ||a| 000 0 ben d | ||
| 020 | _a9789844042735 | ||
| 035 | _a(BD-JhCC)11920 | ||
| 040 |
_aBD-JhCC _dBD-JhCC |
||
| 041 | _aben | ||
| 082 |
_a891.443 _bRAI 2015 |
||
| 100 | _aরায়হান, জহির | ||
| 245 |
_aআর কত দিন / _cজহির রায়হান । |
||
| 260 |
_aঢাকা: _bঅনুপম প্রকাশনী; _c২০১৫. |
||
| 300 |
_a27 p. : _c20 cm. |
||
| 650 | _aBengali Novel | ||
| 942 |
_2ddc _cBK _01 |
||